[Event "TORNEIO DE XADREZ DE NATAL - CMIL 2018"]
[Site "AV. RIO BRANCO 251 - 4º ANDAR"]
[Date "2019.11.21"]
[Round "1.2"]
[White "Juarez Ant. Alves de Castro Li"]
[Black "Edvaldo Oliveira Farias"]
[Result "1-0"]
[WhiteElo "2195"]
[BlackElo "1910"]
[PlyCount "41"]
[EventDate "2019.11.21"]

{[%evp 0,41,14,27,36,32,21,13,14,18,1,25,-9,-9,39,-11,-21,-38,25,18,36,54,37,9,
55,-19,-4,-14,23,-31,-31,-53,-35,-18,73,71,56,44,52,19,190,195,303,303]} 1. Nf3
e6 2. e4 d5 3. e5 c5 4. Nc3 a6 5. g3 Nc6 6. Bg2 g6 7. d4 cxd4 8. Nxd4 Nxd4 9.
Qxd4 Bg7 10. O-O Ne7 11. f4 Nc6 12. Qd1 O-O 13. Kh1 Bd7 14. a3 Rc8 15. Bd2 Na5
16. b3 d4 17. Ne4 Nc6 18. Rc1 Kh8 19. h3 Na7 20. Nd6 Rc7 21. Ba5 1-0

[Event "TORNEIO DE XADREZ DE NATAL - CMIL 2018"]
[Site "AV. RIO BRANCO 251 - 4º ANDAR"]
[Date "2019.11.21"]
[Round "1.3"]
[White "Francisco Marques de Figueired"]
[Black "Sergio Murilo Soares Guimaraes"]
[Result "0-1"]
[WhiteElo "1900"]
[BlackElo "2189"]
[Annotator "carev"]
[PlyCount "41"]
[EventDate "2019.11.21"]

{[%evp 0,41,19,18,69,13,8,15,7,5,-20,2,12,26,20,15,1,17,58,51,58,48,83,78,74,
72,65,46,47,23,23,30,47,53,32,16,30,22,41,-93,75,24,49,32]} 1. e4 c5 2. c3 e6
3. d4 d5 4. e5 Qb6 5. Bd3 Nc6 6. Nf3 Bd7 7. dxc5 Bxc5 8. O-O g6 9. Nbd2 Bf8 10.
Nb3 Qc7 11. Bf4 Bg7 12. Qe2 Nge7 13. Nbd4 a6 14. Rfc1 O-O 15. b4 Nxd4 16. cxd4
Qb6 17. Qd2 Rac8 18. Bh6 Nc6 19. Bf1 Na7 20. g4 (20. a4 Rxc1 21. Rxc1 Bxa4 22.
g4 Qd8 23. g5 Qe7 24. Bxg7 Kxg7 25. h4 Rc8 26. Rxc8 Nxc8 27. Nh2 Na7 28. Ng4
Nc6 29. Nf6 Qxb4 30. Qf4 Qxd4 31. Nh5+ Kf8 32. Qc1 gxh5 33. g6 Qg4+ 34. Bg2
hxg6 35. Qh6+ Ke7) 20... Rxc1 21. Rxc1 0-1

[Event "TORNEIO DE XADREZ DE NATAL - CMIL 2018"]
[Site "AV. RIO BRANCO 251 - 4º ANDAR"]
[Date "2019.11.21"]
[Round "1.4"]
[White "Wagner Soares de Morais"]
[Black "João Eudes de Oliveira"]
[Result "1/2-1/2"]
[WhiteElo "2104"]
[BlackElo "1900"]
[PlyCount "103"]
[EventDate "2019.11.21"]

1. d4 Nf6 2. c4 e6 3. Nf3 Bb4+ 4. Bd2 Bxd2+ 5. Qxd2 b6 6. g3 Bb7 7. Bg2 d6 8.
O-O O-O 9. Nc3 Nbd7 10. Rfe1 e5 11. d5 Nc5 12. e4 Bc8 13. b4 Na6 14. a3 Bg4 15.
Rec1 Qe7 16. Ne1 Nb8 17. Nd3 Nbd7 18. Na4 h6 19. c5 b5 20. cxd6 cxd6 21. Nc3 a6
22. a4 bxa4 23. Nxa4 Rfb8 24. Rc6 Ne8 25. Rb1 Rb7 26. Bf1 Ndf6 27. Qe3 Raa7 28.
Ne1 Bd7 29. Bxa6 Bxc6 30. dxc6 Rxa6 31. cxb7 Qxb7 32. Nc3 Nc7 33. Qd3 Nb5 34.
Qxb5 Rb6 35. Qc4 Rc6 36. Qb5 Qc8 37. Nd5 Nxd5 38. Qxd5 Kf8 39. b5 Rb6 40. Nd3
Ke7 41. Rc1 Qb8 42. Rb1 g6 43. Nb4 Kf8 44. Nc6 Qc7 45. Na5 Qc2 46. Ra1 Qe2 47.
Rb1 Qc2 48. Qb3 Qc5 49. Nc4 Rb8 50. Qb4 Qd4 51. Nxd6 Qd3 52. Nc8+ 1/2-1/2

[Event "TORNEIO DE XADREZ DE NATAL - CMIL 2018"]
[Site "AV. RIO BRANCO 251 - 4º ANDAR"]
[Date "2019.11.21"]
[Round "1.7"]
[White "Salomão Rovedo"]
[Black "Vicente de Paulo Alencar de Br"]
[Result "1/2-1/2"]
[WhiteElo "1826"]
[BlackElo "2042"]
[PlyCount "61"]
[EventDate "2019.11.21"]

1. Nf3 Nf6 2. g3 g6 3. Bg2 Bg7 4. O-O O-O 5. d3 d6 6. c3 e5 7. Nbd2 c6 8. Ne4
Qc7 9. Nxf6+ Bxf6 10. Bh6 Re8 11. Nd2 Bg7 12. Bxg7 Kxg7 13. e4 Nd7 14. Nc4 Nf6
15. Qd2 Be6 16. Ne3 Rad8 17. f4 d5 18. fxe5 Nd7 19. exd5 Bxd5 20. Bxd5 cxd5 21.
Ng4 Re6 22. Qh6+ Kg8 23. Rxf7 Kxf7 24. Qxh7+ Ke8 25. Nf6+ Rxf6 26. exf6 Qb6+
27. d4 Nxf6 28. Re1+ Ne4 29. Qg8+ Ke7 30. Qg7+ Ke8 31. Qg8+ 1/2-1/2

[Event "TORNEIO DE XADREZ DE NATAL - CMIL 2018"]
[Site "AV. RIO BRANCO 251 - 4º ANDAR"]
[Date "2019.11.21"]
[Round "1.8"]
[White "David Borensztajn"]
[Black "Napoleao Rolim"]
[Result "1-0"]
[WhiteElo "2030"]
[BlackElo "1811"]
[PlyCount "101"]
[EventDate "2019.11.21"]

{[%evp 0,101,19,31,75,48,80,27,27,17,51,7,18,14,13,13,5,-5,7,10,7,0,29,-20,45,
35,82,88,166,82,74,45,46,35,63,63,55,57,80,64,66,37,76,41,108,24,93,93,93,93,
93,101,105,90,125,109,126,152,234,183,180,153,306,306,379,435,426,249,249,249,
257,223,229,234,234,212,243,243,247,243,289,289,337,348,348,348,348,348,396,
348,350,394,439,111,106,106,345,345,477,477,554,601,607,1489]} 1. d4 f5 2. Bg5
Nf6 3. Bxf6 exf6 4. e3 Be7 5. g3 d5 6. Bg2 O-O 7. Ne2 c6 8. Nd2 Na6 9. a3 Nc7
10. O-O b6 11. b4 Ne6 12. c4 Rb8 13. Qb3 Bb7 14. cxd5 cxd5 15. Nc3 Nc7 16. Rac1
Kh8 17. Rc2 Qd7 18. Rfc1 Rfc8 19. Ne2 g5 20. a4 h5 21. f4 Qd6 22. Nf3 Na6 23.
b5 Nb4 24. Rxc8+ Rxc8 25. Rxc8+ Bxc8 26. Qc3 Qe6 27. fxg5 fxg5 28. Ne5 Bd7 29.
Qc7 Be8 30. Qb8 Bd6 31. Nf7+ Qxf7 32. Qxd6 Nd3 33. Qh6+ Kg8 34. Qxg5+ Kh7 35.
Nf4 Nxf4 36. Qxf4 Qe6 37. Qe5 Qxe5 38. dxe5 Bf7 39. Kf2 Be6 40. Kf3 Kg6 41. Kf4
Bf7 42. Bh3 Be6 43. Bf1 Bd7 44. Be2 Be6 45. h3 Bf7 46. g4 fxg4 47. hxg4 h4 48.
Bd3+ Kh6 49. g5+ Kh5 50. Bf5 Bg8 51. e6 1-0

[Event "TORNEIO DE XADREZ DE NATAL - CMIL 2018"]
[Site "AV. RIO BRANCO 251 - 4º ANDAR"]
[Date "2019.11.21"]
[Round "1.11"]
[White "Yuri Byrro Torres Ribeiro Ferr"]
[Black "Paulo Fernando de Lima Rodrigu"]
[Result "0-1"]
[WhiteElo "1800"]
[BlackElo "1800"]
[Annotator "carev"]
[PlyCount "30"]
[EventDate "2019.11.21"]

{[%evp 0,30,19,38,31,7,0,-16,7,7,50,-60,-36,-62,-65,-70,-58,-226,-199,-346,
-356,-422,-415,-431,-817,-1477,-1444,-29995,-29996,-29997,-29998,-29999,-30000]
} 1. e4 e6 2. d3 d5 3. Nc3 Bb4 4. Bd2 Ne7 5. Qe2 d4 6. Na4 Nbc6 7. a3 Bd6 8. c3
b5 9. f4 bxa4 10. O-O-O Rb8 11. g3 Bxa3 12. bxa3 Qd6 13. Re1 Qxa3+ 14. Kd1 Rb1+
15. Bc1 Qxc1# 0-1

[Event "TORNEIO DE XADREZ DE NATAL - CMIL 2018"]
[Site "AV. RIO BRANCO 251 - 4º ANDAR"]
[Date "2019.11.26"]
[Round "2.1"]
[White "Carlos Alves Rolim"]
[Black "David Borensztajn"]
[Result "1-0"]
[WhiteElo "2234"]
[BlackElo "2030"]
[PlyCount "51"]
[EventDate "2019.11.21"]

1. d4 b6 2. c4 e6 3. Nc3 Bb7 4. e4 d6 5. Bd3 g6 6. Nge2 Bg7 7. O-O Nd7 8. Be3
Ne7 9. Qd2 h6 10. Rac1 c5 11. Nb5 Nf6 12. e5 dxe5 13. dxe5 Ng4 14. Nd6+ Kf8 15.
Nxb7 Qc7 16. Be4 Bxe5 17. Bf4 Ne3 18. Qxe3 Bxb2 19. Rcd1 Bg7 20. Nd6 Rb8 21.
Nb5 Qc8 22. Nxa7 Qa6 23. Rd7 Bf6 24. Qb3 Kg7 25. a4 Rhe8 26. Qb5 1-0

[Event "TORNEIO DE XADREZ DE NATAL - CMIL 2018"]
[Site "AV. RIO BRANCO 251 - 4º ANDAR"]
[Date "2019.11.26"]
[Round "2.2"]
[White "Marcelo Oliveira de Deus"]
[Black "Juarez Ant. Alves de Castro Li"]
[Result "0-1"]
[WhiteElo "2021"]
[BlackElo "2195"]
[PlyCount "113"]
[EventDate "2019.11.21"]

1. e4 Nc6 2. Nf3 e5 3. Bc4 Bc5 4. c3 Nf6 5. d4 Bd6 6. d5 Ne7 7. Bd3 Ng6 8. O-O
Qe7 9. Bg5 h6 10. Bxf6 Qxf6 11. Nfd2 O-O 12. Nc4 Bc5 13. b4 Bb6 14. a4 a6 15.
Nxb6 Qxb6 16. Nd2 Qf6 17. Nc4 d6 18. Qd2 Bd7 19. Na5 Nf4 20. f3 Qg5 21. Kh1
Rab8 22. g3 Nxd3 23. Qxd3 f5 24. Qc4 fxe4 25. Qxe4 Bh3 26. Rf2 Rf6 27. Rg1 b6
28. Nc6 Rbf8 29. g4 Rf4 30. Qe3 Qh4 31. Rg3 Bxg4 32. Rfg2 Bh5 33. h3 e4 34. Nd4
exf3 35. Nxf3 Qd8 36. Qe6+ Bf7 37. Qxh6 Qf6 38. Qxf6 Rxf6 39. c4 b5 40. axb5
axb5 41. Rd2 bxc4 42. Ng5 Bg6 43. Ne6 Be4+ 44. Kh2 R8f7 45. Ra2 Bxd5 46. Ng5
Rf2+ 47. Rxf2 Rxf2+ 48. Kg1 Rb2 49. h4 g6 50. Nh3 Rb3 51. Rxg6+ Kf7 52. Nf4 Be4
53. Rg4 c3 54. Ne2 Bd3 55. Rf4+ Kg7 56. Nd4 Rb1+ 57. Kh2 0-1

[Event "TORNEIO DE XADREZ DE NATAL - CMIL 2018"]
[Site "AV. RIO BRANCO 251 - 4º ANDAR"]
[Date "2019.11.26"]
[Round "2.3"]
[White "Jorge Macario"]
[Black "Antonio Mauricio Rios Horta"]
[Result "0-1"]
[WhiteElo "2014"]
[BlackElo "2064"]
[PlyCount "70"]
[EventDate "2019.11.21"]

1. d4 d5 2. Nf3 c6 3. e3 Bg4 4. Be2 e6 5. Nbd2 Bd6 6. O-O f5 7. Ne5 Bxe2 8.
Qxe2 Nf6 9. f4 O-O 10. Ndf3 Qe8 11. b3 Qh5 12. Bb2 Bxe5 13. dxe5 Ne4 14. Qd3
Na6 15. c3 Kh8 16. Nd4 Nac5 17. Qc2 Rae8 18. b4 Nd7 19. Rac1 Nb6 20. Rcd1 Nc4
21. Bc1 Rg8 22. Rf3 g5 23. Rg3 Nxg3 24. hxg3 gxf4 25. gxf4 Rg3 26. Rf1 Reg8 27.
Nxe6 Rxg2+ 28. Qxg2 Rxg2+ 29. Kxg2 Qg6+ 30. Ng5 h6 31. Rh1 Kg8 32. Kf2 hxg5 33.
Rg1 g4 34. b5 Qh5 35. e4 dxe4 0-1

[Event "TORNEIO DE XADREZ DE NATAL - CMIL 2018"]
[Site "AV. RIO BRANCO 251 - 4º ANDAR"]
[Date "2019.11.26"]
[Round "2.4"]
[White "Paulo Fernando de Lima Rodrigu"]
[Black "Tarcisio Dantas Frota Leite"]
[Result "1-0"]
[WhiteElo "1800"]
[BlackElo "2049"]
[PlyCount "61"]
[EventDate "2019.11.21"]

1. d4 d5 2. c4 c6 3. Nf3 Nf6 4. Nc3 g6 5. e3 Bg7 6. Be2 O-O 7. O-O Nbd7 8. Bd2
Re8 9. Ne5 Ne4 10. Nxd7 Bxd7 11. cxd5 Nxc3 12. bxc3 cxd5 13. c4 Bc6 14. c5 e5
15. Bc3 e4 16. a4 Qg5 17. a5 f5 18. g3 h5 19. h4 Qf6 20. a6 Bf8 21. axb7 Bxb7
22. Qb3 Bc6 23. Ra6 Re6 24. Rfa1 Qf7 25. Bb5 Qd7 26. Rxc6 Rxc6 27. Ra6 Rac8 28.
Qa4 Rxa6 29. Qxa6 Qc7 30. Qxg6+ Qg7 31. Qe6+ 1-0

[Event "TORNEIO DE XADREZ DE NATAL - CMIL 2018"]
[Site "AV. RIO BRANCO 251 - 4º ANDAR"]
[Date "2019.11.26"]
[Round "2.5"]
[White "Vicente de Paulo Alencar de Br"]
[Black "Wagner Soares de Morais"]
[Result "1/2-1/2"]
[WhiteElo "2042"]
[BlackElo "2104"]
[PlyCount "61"]
[EventDate "2019.11.21"]

1. e4 c5 2. Nf3 d6 3. Bb5+ Bd7 4. Bxd7+ Qxd7 5. O-O Nc6 6. c3 Nf6 7. d4 cxd4 8.
cxd4 d5 9. e5 Ne4 10. Ng5 Nxg5 11. Bxg5 O-O-O 12. Nc3 h6 13. Be3 e6 14. Rc1 Kb8
15. Na4 g5 16. a3 Be7 17. Nc5 Bxc5 18. Rxc5 Ne7 19. Qh5 Ng6 20. Rfc1 Rc8 21.
Rxc8+ Rxc8 22. Rxc8+ Qxc8 23. Qxh6 Qc2 24. h3 Qd1+ 25. Kh2 g4 26. h4 a6 27. h5
Nh4 28. Qf8+ Ka7 29. Qc5+ Ka8 30. Qf8+ Ka7 31. Qc5+ 1/2-1/2

[Event "TORNEIO DE XADREZ DE NATAL - CMIL 2018"]
[Site "AV. RIO BRANCO 251 - 4º ANDAR"]
[Date "2019.11.26"]
[Round "2.6"]
[White "João Eudes de Oliveira"]
[Black "Salomão Rovedo"]
[Result "1-0"]
[WhiteElo "1900"]
[BlackElo "1826"]
[PlyCount "81"]
[EventDate "2019.11.21"]

{[%evp 0,81,41,24,27,30,51,37,32,14,88,46,61,43,52,42,52,36,114,102,100,95,115,
68,59,62,83,102,113,139,147,147,248,96,92,119,100,76,99,92,68,66,109,124,120,
125,123,117,117,123,160,21,21,5,1,-25,41,-28,37,46,289,289,289,255,248,285,285,
129,129,130,203,203,203,203,203,155,200,200,200,166,174,90,1479,1421]} 1. d4
Nf6 2. Nf3 b6 3. c3 Bb7 4. Bg5 Bxf3 5. gxf3 h6 6. Bh4 e6 7. Nd2 d5 8. e4 g5 9.
Bg3 c6 10. Bd3 Bg7 11. Qe2 Nh5 12. O-O-O a5 13. exd5 Qxd5 14. Kb1 a4 15. Nc4
Qd8 16. Nd6+ Kf8 17. Nc4 Nxg3 18. fxg3 Nd7 19. h4 b5 20. Ne5 Qc7 21. Nxc6 Qxc6
22. Be4 Qc8 23. Bxa8 Qxa8 24. Qxb5 Ke7 25. hxg5 Rb8 26. Qe2 hxg5 27. f4 Qd5 28.
fxg5 a3 29. b3 Rxb3+ 30. axb3 Qxb3+ 31. Ka1 Qxc3+ 32. Ka2 Bxd4 33. Rxd4 Qxd4
34. Rd1 Qb2+ 35. Qxb2 axb2 36. Kxb2 Ne5 37. Ra1 Kd6 38. Kc2 Kd5 39. Ra5+ Ke4
40. Kc3 Kf5 41. Kd4 1-0

[Event "TORNEIO DE XADREZ DE NATAL - CMIL 2018"]
[Site "AV. RIO BRANCO 251 - 4º ANDAR"]
[Date "2019.11.26"]
[Round "2.7"]
[White "Celso João Dias da Silva"]
[Black "Guilherme Calmbach"]
[Result "1-0"]
[WhiteElo "1853"]
[BlackElo "1939"]
[PlyCount "61"]
[EventDate "2019.11.21"]

1. e4 c5 2. Nc3 d6 3. Nf3 Nc6 4. Bb5 a6 5. Bxc6+ bxc6 6. O-O Nf6 7. d3 g6 8.
Bg5 Bg7 9. e5 Ng4 10. d4 dxe5 11. dxc5 Qc7 12. Ne4 f5 13. Ng3 h6 14. Bc1 h5 15.
Bg5 e4 16. Nd4 e5 17. Nb3 Be6 18. h3 Nf6 19. Qd6 Qd7 20. Qxe5 Nd5 21. Qd6 Qxd6
22. cxd6 Be5 23. c4 Nb4 24. c5 Bxb2 25. Rab1 Be5 26. f4 exf3 27. Rxf3 Bd5 28.
Re3 Be4 29. Nxe4 f4 30. Nf6+ Kf7 31. Rxe5 1-0

[Event "TORNEIO DE XADREZ DE NATAL - CMIL 2018"]
[Site "AV. RIO BRANCO 251 - 4º ANDAR"]
[Date "2019.11.26"]
[Round "2.9"]
[White "Napoleao Rolim"]
[Black "Francisco Marques de Figueired"]
[Result "0-1"]
[WhiteElo "1811"]
[BlackElo "1900"]
[PlyCount "82"]
[EventDate "2019.11.21"]

1. d4 Nf6 2. e3 d6 3. Bd3 c5 4. c3 Nbd7 5. Ne2 g6 6. Nd2 Bg7 7. Nf3 O-O 8. O-O
b6 9. Ng3 Bb7 10. h3 Qc7 11. Nd2 Rfc8 12. Nde4 cxd4 13. Nxf6+ Nxf6 14. exd4 a6
15. Re1 e5 16. Ne4 exd4 17. Nxf6+ Bxf6 18. c4 Re8 19. Rxe8+ Rxe8 20. Bf4 Qe7
21. Qd2 g5 22. Bg3 Be5 23. Re1 Qf6 24. Qc2 h6 25. Qa4 Re7 26. Qc2 Bxg3 27. Rxe7
Bxf2+ 28. Qxf2 Qxe7 29. Qxd4 Qe1+ 30. Kh2 Qe5+ 31. Qxe5 dxe5 32. g4 Kf8 33. Kg3
a5 34. h4 Ke7 35. hxg5 hxg5 36. b3 Kd6 37. Kf2 Kc5 38. Ke3 Kb4 39. Be4 Bc8 40.
Bf5 Bxf5 41. gxf5 f6 0-1

[Event "TORNEIO DE XADREZ DE NATAL - CMIL 2018"]
[Site "AV. RIO BRANCO 251 - 4º ANDAR"]
[Date "2019.11.28"]
[Round "3.1"]
[White "Antonio Mauricio Rios Horta"]
[Black "Carlos Alves Rolim"]
[Result "1/2-1/2"]
[WhiteElo "2064"]
[BlackElo "2234"]
[PlyCount "68"]
[EventDate "2019.11.21"]

1. d4 d5 2. Nd2 Nf6 3. e3 Bf5 4. Bd3 Bxd3 5. cxd3 e6 6. Qb3 b6 7. f4 Nbd7 8.
Ngf3 Be7 9. O-O O-O 10. Ne5 Nxe5 11. fxe5 Nd7 12. e4 c6 13. Nf3 Rc8 14. Bd2
dxe4 15. dxe4 c5 16. d5 c4 17. Qc2 Bc5+ 18. Kh1 b5 19. Rad1 Qe8 20. b4 Bb6 21.
Bc3 Bc7 22. Qf2 exd5 23. exd5 Nxe5 24. Rfe1 f6 25. d6 Bb6 26. Qg3 Qg6 27. Bxe5
fxe5 28. Qxg6 hxg6 29. Nxe5 Rf6 30. Nd7 Rf7 31. Nxb6 axb6 32. d7 Rd8 33. Re8+
Rf8 34. Re7 Rf7 1/2-1/2

[Event "TORNEIO DE XADREZ DE NATAL - CMIL 2018"]
[Site "AV. RIO BRANCO 251 - 4º ANDAR"]
[Date "2019.11.28"]
[Round "3.2"]
[White "Juarez Ant. Alves de Castro Li"]
[Black "Paulo Fernando de Lima Rodrigu"]
[Result "1/2-1/2"]
[WhiteElo "2195"]
[BlackElo "1800"]
[PlyCount "142"]
[EventDate "2019.11.21"]

1. e4 e6 2. d4 d5 3. Nc3 Nf6 4. Bg5 Be7 5. e5 Nfd7 6. Be3 a6 7. Nf3 c5 8. Bd3
Nc6 9. O-O cxd4 10. Bxd4 Nxd4 11. Nxd4 Nxe5 12. Re1 Nxd3 13. Qxd3 O-O 14. Nf3
Bf6 15. Rab1 Bd7 16. h3 Rc8 17. Nd1 Bc6 18. c3 Re8 19. Nh2 e5 20. Ng4 e4 21.
Qg3 h5 22. Nh6+ Kf8 23. Nf5 g6 24. Nd4 Bh4 25. Qe3 Qg5 26. Qe2 Bd7 27. Kh1 Qe7
28. Ne3 Bc6 29. g3 Bf6 30. Qd2 Bxd4 31. cxd4 Qf6 32. Ng2 Qf3 33. Kh2 Qf6 34.
Rbc1 Bd7 35. Qh6+ Kg8 36. Qf4 Qxf4 37. Nxf4 Rxc1 38. Rxc1 Bc6 39. Kg2 e3 40. f3
Kg7 41. Kf1 Kh6 42. Ke2 Bb5+ 43. Ke1 Bc6 44. Rc5 Rd8 45. Ke2 g5 46. Nd3 f6 47.
Kxe3 Re8+ 48. Kd2 Rd8 49. b3 Rd6 50. f4 Kg6 51. fxg5 Kxg5 52. Ne1 Kf5 53. Ke3
Re6+ 54. Kf2 Ke4 55. Nf3 Kd3 56. Rc1 Re2+ 57. Kf1 Rxa2 58. Rd1+ Kc3 59. Ne1
Bb5+ 60. Kg1 Rd2 61. Rc1+ Kxb3 62. Rc7 Re2 63. Nf3 Re3 64. Kf2 Re2+ 65. Kg1 Re3
66. Nh4 Rxg3+ 67. Kh2 Rc3 68. Rxb7 Kc4 69. Rh7 Kxd4 70. Rxh5 Rc2+ 71. Kg1 Rc3
1/2-1/2

[Event "TORNEIO DE XADREZ DE NATAL - CMIL 2018"]
[Site "AV. RIO BRANCO 251 - 4º ANDAR"]
[Date "2019.11.28"]
[Round "3.3"]
[White "Sergio Murilo Soares Guimaraes"]
[Black "João Eudes de Oliveira"]
[Result "1-0"]
[WhiteElo "2189"]
[BlackElo "1900"]
[PlyCount "87"]
[EventDate "2019.11.21"]

1. d4 Nf6 2. Bf4 b6 3. Nf3 Bb7 4. e3 e6 5. Nbd2 Be7 6. h3 d6 7. Bd3 Nbd7 8. Qe2
Rc8 9. Rc1 c5 10. c3 a6 11. O-O O-O 12. Bh2 b5 13. Rfd1 c4 14. Bb1 Qc7 15. e4
e5 16. a3 h6 17. Qe3 Nh7 18. Re1 Ng5 19. Rcd1 Bf6 20. Nxg5 Bxg5 21. Qf3 Rce8
22. Nf1 Bc8 23. Ne3 Bxe3 24. Rxe3 Re6 25. Qe2 Rg6 26. f4 h5 27. f5 Rg5 28. Bg3
Rxg3 29. Rxg3 Nf6 30. Qe3 Kh7 31. Rg5 g6 32. Rd2 Bb7 33. Rf2 Qe7 34. d5 Rg8 35.
Kf1 Nd7 36. fxg6+ fxg6 37. Rg3 Bc8 38. Rgf3 Rg7 39. Bc2 Nc5 40. Rf8 Bd7 41. Qf3
Qg5 42. Kg1 h4 43. Qf6 Qg3 44. Qd8 1-0

[Event "TORNEIO DE XADREZ DE NATAL - CMIL 2018"]
[Site "AV. RIO BRANCO 251 - 4º ANDAR"]
[Date "2019.11.28"]
[Round "3.4"]
[White "Wagner Soares de Morais"]
[Black "Jorge Macario"]
[Result "1/2-1/2"]
[WhiteElo "2104"]
[BlackElo "2014"]
[PlyCount "46"]
[EventDate "2019.11.21"]

1. e4 c6 2. d4 d5 3. exd5 cxd5 4. c4 Nf6 5. Nc3 e6 6. Nf3 Be7 7. Bd3 O-O 8.
cxd5 Nxd5 9. O-O a6 10. a3 b6 11. Re1 Bb7 12. Bc2 Bf6 13. Ne4 Be7 14. Qd3 g6
15. Bh6 Re8 16. Neg5 Nd7 17. Qe2 Bf8 18. Nxf7 Kxf7 19. Ng5+ Kg8 20. Bxf8 Nxf8
21. h4 Qf6 22. g3 Rad8 23. Rad1 Kg7 1/2-1/2

[Event "TORNEIO DE XADREZ DE NATAL - CMIL 2018"]
[Site "AV. RIO BRANCO 251 - 4º ANDAR"]
[Date "2019.11.28"]
[Round "3.5"]
[White "Tarcisio Dantas Frota Leite"]
[Black "Celso João Dias da Silva"]
[Result "0-1"]
[WhiteElo "2049"]
[BlackElo "1853"]
[PlyCount "102"]
[EventDate "2019.11.21"]

1. e4 e5 2. Nf3 Nc6 3. Bc4 Bc5 4. O-O Nf6 5. d4 exd4 6. e5 Ng8 7. Re1 Nge7 8.
Bxf7+ Kxf7 9. Ng5+ Ke8 10. e6 dxe6 11. Nxe6 Bxe6 12. Rxe6 Qd5 13. Re1 Qf7 14.
Nd2 Bb4 15. a3 Bxd2 16. Bxd2 Kd7 17. Bc3 Rad8 18. Qg4+ Ke8 19. Bd2 Rd7 20. Re2
Kd8 21. b4 Qf5 22. Qg3 d3 23. cxd3 Qxd3 24. Qxd3 Rxd3 25. Bg5 Re8 26. h3 Rd5
27. Bh4 g5 28. Bg3 Nd4 29. Re4 Nef5 30. Bxc7+ Kd7 31. Rxe8 Kxe8 32. Re1+ Kd7
33. Be5 Nc2 34. Re4 Nxa3 35. Bf6 h6 36. g4 Nh4 37. Kf1 Ng6 38. Bg7 Nf4 39. Bxh6
Nxh3 40. Re3 Nf4 41. Kg1 Nc2 42. Re4 Rd4 43. Re5 Rxb4 44. Bxg5 Nh3+ 45. Kf1
Rxg4 46. Be3 Nxe3+ 47. Rxe3 Ng5 48. f3 Rf4 49. Kf2 Rxf3+ 50. Rxf3 Nxf3 51. Kxf3
Kc6 0-1

[Event "TORNEIO DE XADREZ DE NATAL - CMIL 2018"]
[Site "AV. RIO BRANCO 251 - 4º ANDAR"]
[Date "2019.11.28"]
[Round "3.8"]
[White "Francisco Marques de Figueired"]
[Black "Marcelo Oliveira de Deus"]
[Result "0-1"]
[WhiteElo "1900"]
[BlackElo "2021"]
[PlyCount "40"]
[EventDate "2019.11.21"]

1. e4 e6 2. d4 d5 3. Nc3 dxe4 4. Nxe4 Nd7 5. Nf3 Ngf6 6. Bd3 Nxe4 7. Bxe4 c5 8.
c3 Nf6 9. Bg5 cxd4 10. Qa4+ Bd7 11. Qxd4 Be7 12. Bxb7 Rb8 13. Qxa7 Qc7 14. Rd1
Rxb7 15. Qd4 Rxb2 16. Ne5 Bc5 17. Qf4 Bxf2+ 18. Kf1 Bb5+ 19. c4 Qxe5 20. Rd2
Qe1# 0-1

[Event "TORNEIO DE XADREZ DE NATAL - CMIL 2018"]
[Site "AV. RIO BRANCO 251 - 4º ANDAR"]
[Date "2019.11.28"]
[Round "3.9"]
[White "Salomão Rovedo"]
[Black "Napoleao Rolim"]
[Result "1/2-1/2"]
[WhiteElo "1826"]
[BlackElo "1811"]
[PlyCount "95"]
[EventDate "2019.11.21"]

1. e4 e5 2. Nf3 d6 3. Bc4 Be7 4. d3 Nf6 5. Bg5 Nbd7 6. Bxf6 Nxf6 7. h3 O-O 8.
O-O c6 9. a4 a6 10. Nc3 Kh8 11. Ne2 Nh5 12. d4 d5 13. exd5 cxd5 14. Bb3 e4 15.
Ne5 f6 16. Ng4 Bxg4 17. hxg4 f5 18. gxh5 f4 19. Re1 Bh4 20. Nxf4 Rxf4 21. g3
Rf3 22. Re3 Rxe3 23. fxe3 Qg5 24. Qe2 Qxg3+ 25. Kh1 Rf8 26. Rg1 Qh3+ 27. Qh2
Qf3+ 28. Qg2 Qxg2+ 29. Rxg2 Rf5 30. c4 dxc4 31. Bxc4 b5 32. axb5 axb5 33. Be2
b4 34. b3 Rf2 35. Kg1 Rf5 36. Bg4 Ra5 37. Rc2 g6 38. h6 Kg8 39. d5 Bg5 40. Kf2
Ra8 41. d6 Rf8+ 42. Ke2 Bxh6 43. d7 Rd8 44. Rc8 Bg5 45. Rc4 h5 46. Rxe4 Kf8 47.
Be6 Bh6 48. Rf4+ 1/2-1/2

[Event "TORNEIO DE XADREZ DE NATAL - CMIL 2018"]
[Site "AV. RIO BRANCO 251 - 4º ANDAR"]
[Date "2019.12.03"]
[Round "4.1"]
[White "Carlos Alves Rolim"]
[Black "Juarez Ant. Alves de Castro Li"]
[Result "1/2-1/2"]
[WhiteElo "2234"]
[BlackElo "2195"]
[PlyCount "33"]
[EventDate "2019.11.21"]

1. e4 c5 2. Nf3 Nc6 3. Bb5 g6 4. Bxc6 dxc6 5. d3 Bg7 6. h3 Nf6 7. Nc3 Qc7 8.
Be3 b6 9. Qd2 h6 10. Bf4 Qb7 11. O-O g5 12. Be5 Be6 13. a3 O-O-O 14. b4 c4 15.
Qe2 cxd3 16. cxd3 Qd7 17. d4 1/2-1/2

[Event "TORNEIO DE XADREZ DE NATAL - CMIL 2018"]
[Site "AV. RIO BRANCO 251 - 4º ANDAR"]
[Date "2019.12.03"]
[Round "4.2"]
[White "Paulo Fernando de Lima Rodrigu"]
[Black "Antonio Mauricio Rios Horta"]
[Result "1/2-1/2"]
[WhiteElo "1800"]
[BlackElo "2064"]
[PlyCount "74"]
[EventDate "2019.11.21"]

1. d4 Nf6 2. c4 e6 3. Nc3 c5 4. Nf3 a6 5. e3 Qc7 6. a3 b6 7. Be2 Bb7 8. d5 exd5
9. cxd5 d6 10. e4 Nbd7 11. h3 b5 12. Bd3 g6 13. Bd2 Bg7 14. Rc1 O-O 15. O-O c4
16. Bc2 Rae8 17. Re1 Re7 18. Re2 Rfe8 19. Bg5 h6 20. Bxf6 Bxf6 21. Qd2 Bg7 22.
Rce1 Kh7 23. Rc1 f5 24. exf5 Bxc3 25. Rxe7+ Rxe7 26. fxg6+ Kg7 27. Qxc3+ Ne5
28. Nd4 Kg8 29. Nf5 Re8 30. Nxh6+ Kg7 31. Qd2 Bc8 32. Qg5 Qe7 33. Qxe7+ Rxe7
34. Nf5+ Bxf5 35. Bxf5 Nxg6 36. Bxg6 Kxg6 37. Kf1 Re5 1/2-1/2

[Event "TORNEIO DE XADREZ DE NATAL - CMIL 2018"]
[Site "AV. RIO BRANCO 251 - 4º ANDAR"]
[Date "2019.12.03"]
[Round "4.4"]
[White "Marcelo Oliveira de Deus"]
[Black "Vicente de Paulo Alencar de Br"]
[Result "1-0"]
[WhiteElo "2021"]
[BlackElo "2042"]
[Annotator "carev"]
[PlyCount "106"]
[EventDate "2019.11.21"]

1. e4 e6 2. d4 d5 3. e5 c5 4. c3 Nc6 5. Nf3 Bd7 6. Be2 Nge7 7. Bg5 Qb6 8. dxc5
Qc7 9. Na3 Nxe5 10. Nxe5 Qxe5 11. Qd2 Ng6 12. Be3 Rc8 13. b4 Qb8 14. Nb5 a6 15.
Nd4 Be7 16. O-O e5 17. Nf3 Bc6 18. Ne1 O-O 19. f4 exf4 20. Bxf4 Nxf4 21. Qxf4
Qxf4 22. Rxf4 Bg5 23. Rf3 Rfe8 24. Kf2 d4 25. Rf5 Be3+ 26. Kg3 dxc3 27. Bc4 Re7
28. Nc2 Be8 29. Re1 g6 30. Rf3 Bg5 31. h4 Rxe1 32. Nxe1 Bd2 33. Nc2 Kg7 34. Kf2
f5 35. Bb3 Rd8 36. a4 Bc6 37. Rg3 Bf4 38. Rxc3 Rd2+ 39. Ke1 Rxg2 40. Kf1 Rh2
41. Nd4 Be5 42. Ne6+ Kf6 43. Re3 Be4 44. Ng5 Rxh4 45. Nxe4+ Rxe4 46. Rxe4 fxe4
47. Bd5 Bc3 48. b5 axb5 49. axb5 Bd4 50. c6 bxc6 51. Bxc6 Ke5 52. Kg2 Kf4 53.
Bd5 h5 {Tempo} 1-0

[Event "TORNEIO DE XADREZ DE NATAL - CMIL 2018"]
[Site "AV. RIO BRANCO 251 - 4º ANDAR"]
[Date "2019.12.03"]
[Round "4.5"]
[White "Celso João Dias da Silva"]
[Black "Wagner Soares de Morais"]
[Result "0-1"]
[WhiteElo "1853"]
[BlackElo "2104"]
[Annotator "carev"]
[PlyCount "63"]
[EventDate "2019.11.21"]

1. e4 c5 2. Nf3 d6 3. Bc4 Nf6 4. Nc3 Nc6 5. d4 cxd4 6. Nxd4 Bd7 7. Bg5 e6 8.
Nxc6 Bxc6 9. Qf3 Be7 10. O-O-O Qc7 11. Bd3 O-O 12. Qh3 e5 13. f4 Ne8 14. Nd5
Bxd5 15. exd5 g6 16. Bh6 Ng7 17. g4 exf4 18. Bxf4 Rae8 19. Bh6 Bf6 20. Qf3 Be5
21. h4 Qb6 22. c3 Qa5 23. Bb1 b5 24. h5 Rc8 25. Bd2 b4 26. Rh3 Rc7 27. Be1 Rfc8
28. Rd3 Rc4 29. hxg6 fxg6 30. Kd1 Qb6 31. Qh1 Bxc3 (31... bxc3 32. Bxc3 Bxc3
33. b3 Rxg4 34. Rdg3 Rxg3 35. Rxg3 Qf2 36. Rd3 Bb2) 32. Bxc3 0-1